000 00665cam a22002172 4500
001 0000018490
005 20151217161145.0
008 100201s xx 000 0 eng d
020 _a0199534821 :
040 _aKABU
_cKABU
245 1 0 _aPocket Oxford thesaurus /
_cedited by Sara Hawker.
250 _a2nd ed.
260 _aOxford :
_bO. U. P.,
_c2008.
300 _ax, 894 p.
650 0 _aEnglish language
_xSynonyms and antonyms.
_@0000148333
650 0 _aEnglish language
_vThesaurus.
_@0000152084
700 1 _aHawker, Sara.
_@0000177757
852 1 _9p1298.70 KSH
908 _a100201
950 _@1
999 _c15147
_d15147